Statistics for General Knowledge about Geography for Beginners

Click here to take the quiz!

General Stats

  • This quiz has been taken 31 times
    (6 since last reset)
  • The average score is 10 of 15

Answer Stats

QuestionAnswer% Correct
What is the longest river in the world?Amazon River
100%
Which continent is Croatia in?Europe
100%
What is the tallest mountain in the world?Mount Everest
100%
What is the capital of China?Beijing
83%
The Colorado River carved this steep-sided canyon. The ___ CanyonGrand
83%
Rome is the capital of ____.Italy
83%
Whats the biggest country in the world by area?Russia
83%
What continent has the least amount of countries?Antarctica
67%
Cairo is the capital of which country?Egypt
67%
Igneous, metamorphic, and sedimentary are all what type of group?Rocks
67%
This country is the smallest by population and area.Vatican City
67%
What is the largest country in Africa by land area?Algeria
33%
What is the capital of North Carolina the U.S. state?Raleigh
17%
How are surface waves commonly formed?Wind
17%
What instrument is used to measure earthquakes?Seismographs
0%

Score Distribution

Percentile by Number Answered

Percent of People with Each Score

Your Score History

You have not taken this quiz since the last reset